SPORCLE Counties (USA) Quiz Stats

 Plays Quiz not verified by Sporcle

Challenge
Share
Tweet
Embed
Score 0/7 Timer 05:00
0 Plays Today
Letter County % Correct
LLos Angeles County, California
93.5%
SSan Diego County, California
80.6%
OOrange County, California
80.6%
CCook County, Illinois
77.4%
PPhiladelphia County, Pennsylvania
54.8%
RRiverside County, California
51.6%
EErie County, New York
35.5%

You're not logged in!

Compare scores with friends on all Sporcle quizzes.
Join for Free
OR
Log In

You Might Also Like...

Show Comments

Extras

Top Quizzes Today


Score Distribution

Your Account Isn't Verified!

In order to create a playlist on Sporcle, you need to verify the email address you used during registration. Go to your Sporcle Settings to finish the process.

Report this User

Report this user for behavior that violates our Community Guidelines.

Details: